BCIS provides pre-contract cost management advice (Record no. 65688)

MARC details
000 -LEADER
fixed length control field 01257cam a2200229 4500
001 - CONTROL NUMBER
control field ABS63266
008 - FIXED-LENGTH DATA ELEMENTS--GENERAL INFORMATION
fixed length control field 000000n2000 000 0 eng u
035 ## - SYSTEM CONTROL NUMBER
System control number (Sirsi) u110152
100 ## - MAIN ENTRY--PERSONAL NAME
Personal name Martin, J
245 ## - TITLE STATEMENT
Title BCIS provides pre-contract cost management advice
260 ## - PUBLICATION, DISTRIBUTION, ETC.
Date of publication, distribution, etc. 2000
490 ## - SERIES STATEMENT
Series statement CSM (Chartered Surveyor Monthly)
Volume/sequential designation November / December 2000, 30-31(2)
520 ## - SUMMARY, ETC.
Summary, etc. The director of BCIS explains how this RICS service is able to assist in making the complicated process of cost planning easier by using different types of information as the design develops. Pre-contract cost management is seen as a QS function but control of costs should be achieved by the whole team, including the client and therefore should be seen as a management issue not just a technical role. The BCIS database has details of thousands of projects which can be used, updated and adapted for cost planning. They can also be searched and adapted by a range of criteria and be downloaded for further manipulation and presentation by the surveyor.
590 ## - LOCAL NOTE (RLIN)
Local note ABS
650 ## - SUBJECT ADDED ENTRY--TOPICAL TERM
Topical term or geographic name entry element COST PLANNING
650 ## - SUBJECT ADDED ENTRY--TOPICAL TERM
Topical term or geographic name entry element QUANTITY SURVEYORS
650 ## - SUBJECT ADDED ENTRY--TOPICAL TERM
Topical term or geographic name entry element BCIS
650 ## - SUBJECT ADDED ENTRY--TOPICAL TERM
Topical term or geographic name entry element COST INFORMATION
650 ## - SUBJECT ADDED ENTRY--TOPICAL TERM
Topical term or geographic name entry element BCIS
690 ## - LOCAL SUBJECT ADDED ENTRY--TOPICAL TERM (OCLC, RLIN)
Topical term or geographic name as entry element BUILT ENVIRONMENT-BUILDING COSTS
942 ## - ADDED ENTRY ELEMENTS (KOHA)
Suppress in OPAC 0
Holdings
Withdrawn status Lost status Source of classification or shelving scheme Damaged status Not for loan Home library Current library Shelving location Date acquired Total Checkouts Full call number Barcode Date last seen Copy number Price effective from Koha item type
    Dewey Decimal Classification     London London Journal article 04/01/2001   ABS63266 110152-1001 06/08/2019 1 06/08/2019 Journal article